| 000 | 01173 a2200181 4500 | ||
|---|---|---|---|
| 003 | Nust | ||
| 005 | 20221221125643.0 | ||
| 040 | _cNust | ||
| 082 | _a621.38412,CAR | ||
| 100 |
_aCarroll, John Millar _9105553 |
||
| 245 |
_aModern transistor circuits / _cJohn M. Carroll, |
||
| 260 |
_aMcGraw-Hill, _bNew York, _c1959 |
||
| 300 |
_a268 p _billus _c29 cm |
||
| 505 | _aCircuit Design Data (Page-1), Transistor Amplifiers (Page-13), Design of Transistor Oscillators (Page-29), Transistor Power Supplies (Page-37), Design of Pulse Circuits (Page-47), Home Entertainment Circuits (Page-65), Radio and TV Broadcast Equipment (Page-83), RF Communications Circuits (Page-103), Audio Communication Circuits (Page-121), Test Instruments (Page-135), Industrial Control Circuits (Page-147), Industrial Measuring Instruments (Page-167), Industrial Detection Circuits (Page-179), Aircraft Missile and Satellite Telemetry (Page-191), Scientific and Medical Instruments (Page-217), Computer Circuit Design (Page-233), Computer Auxiliary Equipment (Page-249). | ||
| 600 |
_aCarroll, John M. (John Millar), 1925- _9105554 |
||
| 650 |
_aModern transistor circuits _9105555 |
||
| 942 |
_2ddc _cBK |
||
| 999 |
_c183174 _d183174 |
||